Transforming Cybersecurity with Machine Learning (Record no. 14014)
[ view plain ]
| 000 -LEADER | |
|---|---|
| fixed length control field | 00449nam a22001817a 4500 |
| 003 - CONTROL NUMBER IDENTIFIER | |
| control field | OSt |
| 008 - FIXED-LENGTH DATA ELEMENTS--GENERAL INFORMATION | |
| fixed length control field | 260606b |||||||| |||| 00| 0 eng d |
| 020 ## - INTERNATIONAL STANDARD BOOK NUMBER | |
| International Standard Book Number | 9781041171683 |
| 082 ## - DEWEY DECIMAL CLASSIFICATION NUMBER | |
| Classification number | 005.8 THT |
| 100 ## - MAIN ENTRY--PERSONAL NAME | |
| Personal name | THAKUR,Kutub |
| 245 ## - TITLE STATEMENT | |
| Title | Transforming Cybersecurity with Machine Learning |
| 250 ## - EDITION STATEMENT | |
| Edition statement | 1st Ed |
| 260 ## - PUBLICATION, DISTRIBUTION, ETC. (IMPRINT) | |
| Place of publication, distribution, etc | London |
| Name of publisher, distributor, etc | CRC Press |
| Date of publication, distribution, etc | 2025 |
| 300 ## - PHYSICAL DESCRIPTION | |
| Extent | 259p. |
| 700 ## - ADDED ENTRY--PERSONAL NAME | |
| Personal name | PATHAN,AL Sakib Khan |
| 942 ## - ADDED ENTRY ELEMENTS (KOHA) | |
| Source of classification or shelving scheme | Dewey Decimal Classification |
| Koha item type | Text Books |
| Withdrawn status | Lost status | Source of classification or shelving scheme | Damaged status | Not for loan | Collection code | Home library | Current library | Date acquired | Source of acquisition | Currency | Cost, normal purchase price | Bill Number | Total Checkouts | Full call number | Acc. no. / Barcode | Date last seen | Actual Cost, discounted price | Bill Date | Koha item type |
|---|---|---|---|---|---|---|---|---|---|---|---|---|---|---|---|---|---|---|---|
| Dewey Decimal Classification | Computer Science & Engineering in Cyber Security | PIET C-LIBRARY | PIET C-LIBRARY | 30/05/2026 | Zafaa Books and Distributors | INR | 6183.51 | ZBD2026-27-0067 | 005.8 THT | 40363 | 06/06/2026 | 4019.27 | 30/05/2026 | Reference Books | |||||
| Dewey Decimal Classification | Computer Science & Engineering in Cyber Security | PIET C-LIBRARY | PIET C-LIBRARY | 30/05/2026 | Zafaa Books and Distributors | INR | 6183.51 | ZBD2026-27-0067 | 005.8 THT | 40364 | 06/06/2026 | 4019.27 | 30/05/2026 | Text Books |